<?xml version='1.0' encoding='UTF-8'?>
  <record xmlns="http://www.loc.gov/MARC21/slim">
    <leader>00000cam a2200000 i 4500</leader>
    <controlfield tag="001">ocn899061673</controlfield>
    <controlfield tag="003">OCoLC</controlfield>
    <controlfield tag="005">20250530110312.6</controlfield>
    <controlfield tag="008">880412m17501751ne            000 0 dut d</controlfield>
    <datafield tag="040" ind1=" " ind2=" ">
      <subfield code="a">NLGGC</subfield>
      <subfield code="b">dut</subfield>
      <subfield code="e">fobidrtb</subfield>
      <subfield code="c">NLGGC</subfield>
      <subfield code="d">OCLCO</subfield>
      <subfield code="d">OCLCF</subfield>
      <subfield code="d">OCLCA</subfield>
      <subfield code="d">OCL</subfield>
      <subfield code="d">L2U</subfield>
      <subfield code="d">OCLCA</subfield>
      <subfield code="d">OCLCO</subfield>
      <subfield code="d">OCLCQ</subfield>
      <subfield code="d">NLRIJ</subfield>
      <subfield code="d">OCLCL</subfield>
      <subfield code="d">OCLCQ</subfield>
      <subfield code="d">OCLCL</subfield>
    </datafield>
    <datafield tag="029" ind1="0" ind2=" ">
      <subfield code="a">NLGGC</subfield>
      <subfield code="b">046086714</subfield>
    </datafield>
    <datafield tag="035" ind1=" " ind2=" ">
      <subfield code="a">(OCoLC)899061673</subfield>
    </datafield>
    <datafield tag="050" ind1=" " ind2="4">
      <subfield code="a">ND652</subfield>
      <subfield code="b">.G6</subfield>
    </datafield>
    <datafield tag="082" ind1="1" ind2="4">
      <subfield code="a">703</subfield>
      <subfield code="q">OCoLC</subfield>
      <subfield code="1">https://id.oclc.org/worldcat/ddc/E3Mjv4BbGhThFgVbmG9399tqhY</subfield>
    </datafield>
    <datafield tag="084" ind1=" " ind2=" ">
      <subfield code="a">21.02</subfield>
      <subfield code="2">bcl</subfield>
    </datafield>
    <datafield tag="100" ind1="1" ind2=" ">
      <subfield code="a">Gool, Johan van,</subfield>
      <subfield code="d">1685-1763.</subfield>
      <subfield code="1">https://id.oclc.org/worldcat/entity/E39PBJgt3FjGYYwxvXfCkGw3cP</subfield>
    </datafield>
    <datafield tag="245" ind1="1" ind2="3">
      <subfield code="a">De nieuwe schouburg der Nederlantsche kunstschilders en schilderessen: waer in de levens- en kunstbedryven der tans levende en reets overleedene schilders, die van Houbraken, noch eenig ander schryver, zyn aengetekend, verhaelt worden. /</subfield>
      <subfield code="c">Door Johan van Gool ..</subfield>
    </datafield>
    <datafield tag="246" ind1="3" ind2=" ">
      <subfield code="a">Nieuw schouburg der Nederlandsche konst schilders en schilderessen</subfield>
    </datafield>
    <datafield tag="260" ind1=" " ind2=" ">
      <subfield code="a">In 's Gravenhage :</subfield>
      <subfield code="b">gedrukt voor den autheur,</subfield>
      <subfield code="c">1750-1751.</subfield>
    </datafield>
    <datafield tag="300" ind1=" " ind2=" ">
      <subfield code="a">2 dl. ([VIII], 478, [II], 56, [VIII], 575, [1] p.) :</subfield>
      <subfield code="b">gegrav. voortitel, grav. ;</subfield>
      <subfield code="c">in-8.</subfield>
    </datafield>
    <datafield tag="336" ind1=" " ind2=" ">
      <subfield code="a">tekst</subfield>
      <subfield code="b">txt</subfield>
      <subfield code="2">rdacontent/dut</subfield>
    </datafield>
    <datafield tag="337" ind1=" " ind2=" ">
      <subfield code="a">zonder medium</subfield>
      <subfield code="b">n</subfield>
      <subfield code="2">rdamedia/dut</subfield>
    </datafield>
    <datafield tag="338" ind1=" " ind2=" ">
      <subfield code="a">band</subfield>
      <subfield code="b">nc</subfield>
      <subfield code="2">rdacarrier/dut</subfield>
    </datafield>
    <datafield tag="500" ind1=" " ind2=" ">
      <subfield code="a">Gegrav. voortitel: Nieuw schouburg der Nederlandsche konst schilders en schilderessen. - Titelpag. in rood en zwart gedrukt. - Dit werk is bedoeld als aanvulling op Houbraken.</subfield>
    </datafield>
    <datafield tag="530" ind1=" " ind2=" ">
      <subfield code="a">Titel is geselecteerd voor digitalisering voor de Universiteit van Leiden in het kader van het Google Books-project.</subfield>
    </datafield>
    <datafield tag="650" ind1=" " ind2="0">
      <subfield code="a">Painters</subfield>
      <subfield code="z">Netherlands</subfield>
      <subfield code="v">Biography</subfield>
      <subfield code="v">Early works to 1800.</subfield>
    </datafield>
    <datafield tag="650" ind1=" " ind2="0">
      <subfield code="a">Painters</subfield>
      <subfield code="z">Flanders</subfield>
      <subfield code="v">Biography</subfield>
      <subfield code="v">Early works to 1800.</subfield>
    </datafield>
    <datafield tag="650" ind1=" " ind2="0">
      <subfield code="a">Women artists.</subfield>
    </datafield>
    <datafield tag="650" ind1=" " ind2="0">
      <subfield code="a">Artists</subfield>
      <subfield code="v">Portraits.</subfield>
    </datafield>
    <datafield tag="650" ind1=" " ind2="6">
      <subfield code="a">Peintres</subfield>
      <subfield code="z">Pays-Bas</subfield>
      <subfield code="v">Biographies</subfield>
      <subfield code="v">Ouvrages avant 1800.</subfield>
    </datafield>
    <datafield tag="650" ind1=" " ind2="6">
      <subfield code="a">Peintres</subfield>
      <subfield code="z">Flandre</subfield>
      <subfield code="v">Biographies</subfield>
      <subfield code="v">Ouvrages avant 1800.</subfield>
    </datafield>
    <datafield tag="650" ind1=" " ind2="6">
      <subfield code="a">Femmes artistes.</subfield>
    </datafield>
    <datafield tag="650" ind1=" " ind2="6">
      <subfield code="a">Artistes</subfield>
      <subfield code="v">Portraits.</subfield>
    </datafield>
    <datafield tag="650" ind1=" " ind2="7">
      <subfield code="a">21.02 history of painting.</subfield>
      <subfield code="0">(NL-LeOCL)07759505X</subfield>
      <subfield code="2">bcl</subfield>
    </datafield>
    <datafield tag="650" ind1=" " ind2="7">
      <subfield code="a">Artists.</subfield>
      <subfield code="2">fast</subfield>
      <subfield code="0">(OCoLC)fst00817559</subfield>
    </datafield>
    <datafield tag="650" ind1=" " ind2="7">
      <subfield code="a">Painters.</subfield>
      <subfield code="2">fast</subfield>
      <subfield code="0">(OCoLC)fst01050530</subfield>
    </datafield>
    <datafield tag="650" ind1=" " ind2="7">
      <subfield code="a">Women artists.</subfield>
      <subfield code="2">fast</subfield>
      <subfield code="0">(OCoLC)fst01177159</subfield>
    </datafield>
    <datafield tag="651" ind1=" " ind2="7">
      <subfield code="a">Europe</subfield>
      <subfield code="z">Flanders.</subfield>
      <subfield code="2">fast</subfield>
      <subfield code="0">(OCoLC)fst01245991</subfield>
    </datafield>
    <datafield tag="651" ind1=" " ind2="7">
      <subfield code="a">Netherlands.</subfield>
      <subfield code="2">fast</subfield>
      <subfield code="0">(OCoLC)fst01204034</subfield>
      <subfield code="1">https://id.oclc.org/worldcat/entity/E39PBJk4D96j3YTHJQfHCV3vpP</subfield>
    </datafield>
    <datafield tag="650" ind1="1" ind2="7">
      <subfield code="a">Schilderkunst.</subfield>
      <subfield code="2">gtt</subfield>
      <subfield code="0">(NL-LeOCL)078659027</subfield>
    </datafield>
    <datafield tag="650" ind1="1" ind2="7">
      <subfield code="a">Kunstschilders.</subfield>
      <subfield code="2">gtt</subfield>
      <subfield code="0">(NL-LeOCL)078567440</subfield>
    </datafield>
    <datafield tag="651" ind1=" " ind2="7">
      <subfield code="a">Nederland.</subfield>
      <subfield code="2">gtt</subfield>
      <subfield code="0">(NL-LeOCL)078600987</subfield>
    </datafield>
    <datafield tag="653" ind1=" " ind2="4">
      <subfield code="a">1650-1750</subfield>
    </datafield>
    <datafield tag="655" ind1=" " ind2="7">
      <subfield code="a">Biographies.</subfield>
      <subfield code="2">fast</subfield>
      <subfield code="0">(OCoLC)fst01919896</subfield>
    </datafield>
    <datafield tag="655" ind1=" " ind2="7">
      <subfield code="a">Early works.</subfield>
      <subfield code="2">fast</subfield>
      <subfield code="0">(OCoLC)fst01411636</subfield>
    </datafield>
    <datafield tag="655" ind1=" " ind2="7">
      <subfield code="a">Portraits.</subfield>
      <subfield code="2">fast</subfield>
      <subfield code="0">(OCoLC)fst01423831</subfield>
    </datafield>
    <datafield tag="655" ind1=" " ind2="7">
      <subfield code="a">Biografieën (vorm)</subfield>
      <subfield code="2">gtt</subfield>
      <subfield code="0">(NL-LeOCL)088141799</subfield>
    </datafield>
    <datafield tag="710" ind1="2" ind2=" ">
      <subfield code="a">Auteur (voor de, 's Gravenhage)</subfield>
      <subfield code="4">prt</subfield>
      <subfield code="0">(NL-LeOCL)119067145</subfield>
    </datafield>
    <datafield tag="776" ind1="0" ind2=" ">
      <subfield code="t">De nieuwe schouburg der Nederlantsche kunstschilders en schilderessen: waer in de levens- en kunstbedryven der tans levende en reets overleedene schilders, die van Houbraken, noch eenig ander schryver, zyn aengetekend, verhaelt worden.</subfield>
      <subfield code="w">(NL-LeOCL)329818805</subfield>
    </datafield>
    <datafield tag="776" ind1="0" ind2=" ">
      <subfield code="t">De nieuwe schouburg der Nederlantsche kunstschilders en schilderessen: waer in de levens- en kunstbedryven der tans levende en reets overleedene schilders, die van Houbraken, noch eenig ander schryver, zyn aengetekend, verhaelt worden.</subfield>
      <subfield code="w">(NL-LeOCL)411350811</subfield>
    </datafield>
    <datafield tag="776" ind1="0" ind2=" ">
      <subfield code="t">De nieuwe schouburg der Nederlantsche kunstschilders en schilderessen: waer in de levens- en kunstbedryven der tans levende en reets overleedene schilders, die van Houbraken, noch eenig ander schryver, zyn aengetekend, verhaelt worden.</subfield>
      <subfield code="w">(NL-LeOCL)411351192</subfield>
    </datafield>
    <datafield tag="776" ind1="0" ind2=" ">
      <subfield code="t">De nieuwe schouburg der Nederlantsche kunstschilders en schilderessen: waer in de levens- en kunstbedryven der tans levende en reets overleedene schilders, die van Houbraken, noch eenig ander schryver, zyn aengetekend, verhaelt worden.</subfield>
      <subfield code="w">(NL-LeOCL)41135163X</subfield>
    </datafield>
    <datafield tag="856" ind1="4" ind2=" ">
      <subfield code="u">http://ncco.galegroup.com/gdc/ncco/MonographsDetailsPage/MonographsDetailsWindow?disableHighlighting=false&amp;prodId=NCCO&amp;action=1&amp;activityType=BasicSearch&amp;javax.portlet.action=viewPortletAction&amp;documentId=GALE%7CALYBTI635131713&amp;dviSelectedPage=1&amp;userGroupName</subfield>
      <subfield code="y">Gale Cengage Learning, Nineteenth Century Collections Online</subfield>
    </datafield>
    <datafield tag="936" ind1=" " ind2=" ">
      <subfield code="a">BATCHLOAD</subfield>
    </datafield>
  </record>